000 00858nam a22001697a 4500
999 _c7988
_d7988
005 20241128165613.0
008 230717b ||||| |||| 00| 0 eng d
040 _aCDMR
110 _94995
_aAldeas Infantiles SOS
245 _aRecomendaciones para una comunicación con perspectiva de infancia [Recurs electrònic]
_b: basadas en la Guía y Código Deontológico para la comunicación sobre la infancia y la adolescencia
_c/ Aldeas Infantiles SOS
260 _a[S.l.] :
_bAldeas Infantiles SOS,
_c2023
300 _a1 recurs electrònic (5 pàgines)
650 0 _9983
_aÈtica periodística
650 0 _93487
_aMitjans de comunicació de massa i infants
856 _zAccés en línia
_uhttps://www.periodistes.cat/sites/default/files/public/continguts/actualitat/2023/03/documents/310123-recomendaciones-aldeas-infantiles-1.pdf
942 _2udc
_cRECURS_WEB